00252nam a2200109Ia 4500008004100000041000800041082001800049100001400067245002200081260003100103300000800134230627s9999 xx 000 0 und d aeng a343.0535bJOS aJoshi.K.C aThe Gibt Tax Act bAllahabad Law Agencyc1979 a42p